| 000 | 00456nam a2200181Ia 4500 | ||
|---|---|---|---|
| 008 | 230711s9999||||xx |||||||||||||| ||und|| | ||
| 020 | _a978-93-325-4209-9 | ||
| 041 | _aENG | ||
| 082 |
_a5.1 _bBA-M |
||
| 100 | _aBansal,Raj Kumar | ||
| 245 | 0 | _aMatlab and its applications in engineering | |
| 250 | _a2nd Ed. | ||
| 260 |
_c2016 _aNew Delhi _bPearson |
||
| 300 | _a518 | ||
| 650 | _aElectronics Engineering | ||
| 700 | _aGoel, Ashok Kumar | ||
| 942 | _cBK | ||
| 999 |
_c5117 _d5117 |
||